000 00736nam a2200241Ia 4500
003 OSt
005 20220926005816.0
006 a|||||r|||| 00| 0
007 ta
008 220923b |||||||| |||| 00| 0 eng d
020 _a9789350712641
_c548.25
037 _b5430, 20/02/2014, Indraprastha Books
_cGeneral Book
040 _aRTL
_cRTL
_beng
041 _2eng
_aeng
082 _aX:8F, N7;Q3
100 _aKISHORE Ravi M
_9311079
245 0 _aTAXMANN'S ADVANCED management accounting
_b CA final
250 _a3rd
260 _a New Delhi
_bTaxmann
_c2013
300 _a664p
_ccm.
942 _hX:8F, N7;Q3
_cGB
_2CC
999 _c615322
_d615322